| 000 | 00761nam a22002177a 4500 | ||
|---|---|---|---|
| 999 |
_c20743 _d20743 |
||
| 003 | AR-CdUCM | ||
| 008 | 190604b ||||| |||| 00| 0 spa d | ||
| 020 | _a9786124548017 | ||
| 040 |
_aMUNICIPALIDAD PROVINCIAL DEL CUSCO _cBIBLIOTECA MUNICIPAL DEL CUSCO |
||
| 082 |
_a985.612 / _bM13 |
||
| 245 |
_aMachu Picchu : _bLa guia completa / |
||
| 260 |
_acusco : _bPiki, _c2009. |
||
| 300 |
_a39 páginas ; _bFotografías, mapas _c18 cm |
||
| 500 | _aGuia completa para visitar Machu picchu paso a paso mas de 90 fotos a todo color. | ||
| 505 | _aContenido : Civilización Inca -- Fundación, desarrollo y expansión del La sociedad Inca... | ||
| 650 |
_aTurismo _94560 |
||
| 650 |
_aGuia _93996 |
||
| 650 |
_aCusco _9772 |
||
| 942 |
_2ddc _cLIBROS |
||
| 945 | _arcc | ||